000 00609nam a2200169 i 4500
001 48126
003 ES-MaACL
005 20230906161710.0
007 t|
008 950706s1881 xxk ||||1| eng d
040 _aCAM
_bspa
_cCAM
100 1 _aChamberlain, Joseph.
_937854
245 1 4 _aThe policy of the government since the general election
_b: a speech delivered to his constituents in the town Hall, Birmingham... 1881 /
_cby Joseph Chamberlain.
260 _a[Birmingham] :
_bThe National Liberal Federation,
_c[1881]
300 _a27 p. ;
_c21 cm.
852 _aES-MaACL
_jT-1285-F-8
_z.- Donat. Bosch
999 _c48126
_d48126